Φιλοσοφία του ανθρώπου

Αποθηκεύτηκε σε:
Λεπτομέρειες βιβλιογραφικής εγγραφής
Κύριος συγγραφέας: Μπιτσάκης, Ευτύχης Ι., 1927-
Μορφή: Βιβλίο
Γλώσσα:Greek
Δημοσίευση: Αθήνα : Gutenberg, 1991
Έκδοση:3η έκδ. συμπλ.
Σειρά:Σύγχρονη φιλοσοφική βιβλιοθήκη ; ; 3
Θέματα:
Ετικέτες: Προσθήκη ετικέτας
Δεν υπάρχουν, Καταχωρήστε ετικέτα πρώτοι!

MARC

LEADER 00000nam a2200000 i 4500
001 1/66236
008 990115s1991 gre d
035 |l 10047271 
040 |a GR-MY-UA  |b gre  |e aacr 
041 0 |a gre 
082 0 |a 190 
100 1 |a Μπιτσάκης, Ευτύχης Ι.,   |d 1927- 
245 1 0 |a Φιλοσοφία του ανθρώπου /  |c Ευτύχης Ι.Μπιτσάκης 
250 |a 3η έκδ. συμπλ. 
260 |a Αθήνα :   |b Gutenberg,   |c 1991 
300 |a 349 σ. 
490 1 |a Σύγχρονη φιλοσοφική βιβλιοθήκη  |v ; 3 
650 0 0 |a Philosophical anthropology. 
650 0 0 |a Alienation (Philosophy) 
650 0 0 |a Ethics. 
650 0 0 |a Socialism and society. 
830 0 |a Σύγχρονη φιλοσοφική βιβλιοθήκη ;  |v ; 3 
852 |a INST  |b RHODES  |e 19990115  |h 190 ΜΠΙ  |p 005400005749  |q 005400005749  |t BK  |y 0 
901 |a BIBL4-1999-1 
909 |a Ρ  |b 061162  |c 1998 
922 |a 4ΕΛΗ  |b 199811  |c ΚΠΣ/ΔΕ  |d EMVASIS 
970 |z 2000/06/ΚΑΤΕΡΙΝΑ